[Event "AUTO-OPEN-2856"]
[Site "http://www.queenalice.com/game.php?id=1127970"]
[Date "2012.12.3"]
[Round "1"]
[White "maucout0"]
[Black "coutovet"]
[Result "1-0"]
[WhiteElo "1359"]
[BlackElo "1606"]

1. e4 e5 2. Nf3 d6 3. Nc3 a6 4. a4 Nc6 5. Bc4 h6 6. h3 Nf6 7. g3 Be6 8. d3 Bxc4
9. dxc4 Na5 10. b3 c5 11. Ba3 Be7 12. Nh4 Nxe4 13. Nxe4 O-O 14. O-O 1-0

[Event "AUTO-OPEN-2856"]
[Site "http://www.queenalice.com/game.php?id=1127979"]
[Date "2012.12.3"]
[Round "1"]
[White "Zodiac"]
[Black "maucout0"]
[Result "1-0"]
[WhiteElo "1826"]
[BlackElo "1338"]

1. e4 d5 2. exd5 Qxd5 3. Nc3 Qe6+ 4. Be2 c5 5. Nb5 Qc6 6. d4 a6 7. d5 Qg6 8.
Nc7+ Kd8 9. Nxa8 Qxg2 10. Bf3 Bg4 11. Bxg2 Bxd1 12. Kxd1 Nd7 13. Bd2 Ngf6 14.
Bf4 Ng4 15. Bg3 h5 16. Ke2 Rh6 17. Nc7 1-0

[Event "AUTO-OPEN-2856"]
[Site "http://www.queenalice.com/game.php?id=1127980"]
[Date "2012.12.3"]
[Round "1"]
[White "maucout0"]
[Black "Zodiac"]
[Result "0-1"]
[WhiteElo "1385"]
[BlackElo "1729"]

1. e4 c5 2. c4 Nc6 3. Ne2 g6 4. d4 cxd4 5. Nxd4 Bg7 6. Be3 Nf6 7. Nc3 O-O 8. Bd3
e5 9. Nxc6 bxc6 10. Qf3 a5 11. Bc5 Re8 12. b4 d6 13. Be3 Bg4 14. Qg3 axb4 15. f3
bxc3 16. fxg4 Ra3 17. O-O Qa5 18. g5 Nd7 19. Qf3 Rb8 20. Qxf7+ Kh8 21. Qxd7 Rxa2
22. Rab1 Rd8 23. Rb8 Rxb8 24. Qxd6 Qd8 25. Bc5 Qxd6 26. Bxd6 Rbb2 27. Bxe5 Rxg2+
0-1

[Event "AUTO-INT-2516"]
[Site "http://www.queenalice.com/game.php?id=1133636"]
[Date "2012.12.22"]
[Round "1"]
[White "vult0"]
[Black "maucout0"]
[Result "0-1"]
[WhiteElo "1670"]
[BlackElo "1407"]

1. e4 e5 2. Nf3 d6 3. c3 Nf6 4. d3 Nbd7 5. Be2 c5 6. O-O b6 7. Bg5 Be7 8. Nbd2
Bb7 9. Nc4 h6 10. Bxf6 Nxf6 11. a3 b5 12. Ncd2 Qb6 13. b3 O-O 14. h3 Ba6 15. b4
Rac8 16. Qc2 Nh5 17. Nxe5 Nf4 18. Nd7 Nxe2+ 19. Kh1 Qc6 20. Nxf8 Rxf8 21. g3 Qd7
22. Kg2 Bc8 23. Rh1 cxb4 24. axb4 a6 25. Nf3 Bf6 26. Qxe2 Bxc3 27. Rab1 g5 28.
d4 a5 29. bxa5 Bxa5 30. Rxb5 Bc7 31. Qe3 Qxb5 32. d5 Bb6 33. Qd2 Re8 34. Qc2 Bd7
35. g4 Rxe4 36. Qxe4 Qb2 37. Qe1 Bb5 38. h4 Be2 39. hxg5 Bxf3+ 40. Kxf3 Qb3+ 41.
Kg2 Qxd5+ 42. Kg1 Qxg5 43. Qe2 f5 44. Qe6+ Kg7 45. Qxf5 Qc1+ 46. Kg2 Qc6+ 47. f3
d5 48. Qe5+ Kg6 49. Qh8 Qc2+ 50. Kg3 Qf2+ 0-1

[Event "AUTO-INT-2516"]
[Site "http://www.queenalice.com/game.php?id=1133637"]
[Date "2012.12.22"]
[Round "1"]
[White "maucout0"]
[Black "vult0"]
[Result "0-1"]
[WhiteElo "1413"]
[BlackElo "1673"]

1. e4 e5 2. Nf3 d6 3. Nc3 Nc6 4. Bb5 Bd7 5. a4 Nf6 6. d3 Be7 7. Bg5 a6 8. Bxf6
Bxf6 9. Bc4 Nb4 10. Nd5 Nxd5 11. exd5 O-O 12. O-O c6 13. Nh4 Bxh4 14. g3 Bg5 15.
d4 e4 16. Ra3 Bf5 17. dxc6 bxc6 18. d5 c5 19. f4 Bd7 20. Re3 Bf6 21. Rxe4 Re8
22. Rxe8+ Qxe8 23. Re1 Qc8 24. Bd3 Bxb2 25. Qh5 g6 26. Qh6 Qb7 27. Re7 Bd4+ 28.
Kg2 Bh3+ 29. Qxh3 Qxe7 30. g4 Re8 31. f5 Rf8 32. Qg3 Qe5 33. Qf3 Qe3 34. Qf1 Qg5
35. h3 Re8 36. Qh1 Qh4 37. c4 Re3 38. Bb1 Re2+ 39. Kf3 Qf2# 0-1

[Event "AUTO-INT-2516"]
[Site "http://www.queenalice.com/game.php?id=1133656"]
[Date "2012.12.22"]
[Round "1"]
[White "maucout0"]
[Black "grautvornix"]
[Result "0-1"]
[WhiteElo "1415"]
[BlackElo "1831"]

1. e4 Nf6 2. e5 Nd5 3. d4 d6 4. Nc3 Nxc3 5. bxc3 dxe5 6. d5 e6 7. Bb5+ c6 8. Ba4
exd5 9. Qe2 Bd6 10. Nf3 Bg4 11. O-O e4 12. Bg5 Bxf3 13. Bxd8 Bxe2 14. Rfe1 Bc4
15. Bh4 f6 16. Rab1 b5 17. Bb3 Bxb3 18. Rxb3 O-O 19. f3 Nd7 20. c4 bxc4 21. Rb7
Ne5 22. fxe4 Bc5+ 23. Kf1 d4 24. Bf2 h5 25. Bg3 g5 26. h4 d3 27. hxg5 fxg5+ 28.
Bf2 Rxf2+ 29. Kg1 Rf7+ 0-1

[Event "AUTO-INT-2516"]
[Site "http://www.queenalice.com/game.php?id=1133657"]
[Date "2012.12.22"]
[Round "1"]
[White "grautvornix"]
[Black "maucout0"]
[Result "0-1"]
[WhiteElo "1793"]
[BlackElo "1385"]

1. b4 Nc6 2. a3 e5 3. Bb2 d5 4. g3 Nf6 5. Bg2 d4 6. d3 a5 7. b5 Ne7 8. a4 Ng6 9.
Nh3 Bb4+ 10. c3 dxc3 11. Ba3 c2+ 12. Qd2 Bxd2+ 13. Nxd2 Qd4 14. Rc1 Qc3 0-1

[Event "Red war II"]
[Site "http://www.queenalice.com/game.php?id=1147509"]
[Date "2013.1.31"]
[Round "-"]
[White "BriaoColorado"]
[Black "maucout0"]
[Result "1-0"]
[WhiteElo "1132"]
[BlackElo "1440"]

1. e3 e5 2. Qf3 d5 3. Nc3 e4 4. Qf5 Bxf5 5. Bb5+ c6 6. Ba4 Nd7 7. h3 Bd6 8. f4
Qh4+ 9. Kf1 Ngf6 10. Nce2 Nc5 11. g3 Qh5 12. Bb3 a5 13. d4 Ng4 14. dxc5 Bxc5 15.
Bd2 a4 16. Kg2 axb3 17. hxg4 Qxg4 18. cxb3 h5 19. Rh4 Qg6 20. a3 Bg4 21. b4 Be7
22. Kf1 Bxh4 23. gxh4 Qf6 24. Bc3 Qxh4 25. Kg2 O-O 26. Be1 Qf6 27. Nd4 1-0

[Event "AUTO-INT-2549"]
[Site "http://www.queenalice.com/game.php?id=1148441"]
[Date "2013.2.3"]
[Round "1"]
[White "maucout0"]
[Black "Admilton"]
[Result "1-0"]
[WhiteElo "1434"]
[BlackElo "1657"]

1. e4 e6 2. e5 d5 3. exd6 cxd6 4. d4 d5 5. Bd3 Nc6 6. Nf3 h6 7. c3 Nf6 8. O-O
Bd6 9. Na3 a6 10. Re1 Qc7 11. Qc2 Ng4 12. g3 h5 13. b4 f5 14. Ng5 Nd8 15. Qa4+
Bd7 16. Nxe6 Bxa4 17. Nxc7+ Kd7 18. Nxa8 Kc6 19. b5+ axb5 20. Rb1 Ne6 21. Rxe6
Rxa8 22. Bf4 Rd8 23. Nxb5 Bxb5 24. Bxb5+ Kc7 25. Bxd6+ Rxd6 26. Re7+ Kb8 27.
Re8+ Ka7 28. a4 Nf6 29. Re7 Kb8 30. Rxg7 Kc8 31. Bd3 Nd7 32. Bxf5 Kc7 33. Rxd7+
Kc6 34. Rxd6+ Kxd6 35. Rxb7 Kc6 36. Bc8 Kd6 37. f4 1-0

[Event "AUTO-INT-2549"]
[Site "http://www.queenalice.com/game.php?id=1148442"]
[Date "2013.2.3"]
[Round "1"]
[White "Admilton"]
[Black "maucout0"]
[Result "1-0"]
[WhiteElo "1606"]
[BlackElo "1483"]

1. Nf3 d6 2. h3 e5 3. d3 Nc6 4. e4 Nf6 5. c3 d5 6. Nbd2 Nh5 7. Nb3 b6 8. a4 dxe4
9. dxe4 Qxd1+ 10. Kxd1 Be6 11. Nbd2 Na5 12. Nxe5 O-O-O 13. b4 f6 14. Nf3 Nb3 15.
Rb1 Nxc1 16. Rxc1 g6 17. Nd4 Rd6 18. Ne2 Bh6 19. g4 Rxd2+ 20. Ke1 Rhd8 21. Nd4
Bf7 22. Ba6+ Kb8 23. Nc6+ Ka8 24. Nxd8 Bb3 25. Kf1 Rxd8 26. gxh5 Bxc1 27. Kg2
Bf4 28. a5 Rd2 29. Rb1 Ba4 30. Kf3 g5 31. axb6 Rd3+ 32. Bxd3 cxb6 33. h4 Bc6 34.
b5 Bd7 35. hxg5 fxg5 36. Rd1 Bh3 37. Bf1 Be6 38. Bg2 h6 39. Ke2 Bf7 40. Rd8+ Kb7
41. Rd7+ Bc7 42. Rxf7 g4 43. Rf8 a5 44. e5+ Ka7 45. e6 Bd6 46. Rf6 a4 47. Rxh6
a3 48. Rh7+ Kb8 49. Bd5 Be5 50. e7 Kc7 51. e8=Q+ Kd6 52. Qc6# 1-0

[Event "AUTO-INT-2549"]
[Site "http://www.queenalice.com/game.php?id=1148443"]
[Date "2013.2.3"]
[Round "1"]
[White "maucout0"]
[Black "SGF"]
[Result "0-1"]
[WhiteElo "1456"]
[BlackElo "1646"]

1. e4 e5 2. Nf3 Qf6 3. c3 Nc6 4. Na3 Bc5 5. Nb5 Bb6 6. d3 h6 7. Be3 Bxe3 8. fxe3
a6 9. Nxc7+ Ke7 10. Nxa8 Na5 11. Nb6 Qxb6 12. Nxe5 Qxe3+ 13. Be2 Nf6 14. Qd2
Qxd2+ 15. Kxd2 h5 16. Rhf1 Nc6 17. Rf5 Nxe5 18. Rxe5+ Kd6 19. d4 Ng4 20. Rd5+
Ke6 21. Bxg4+ hxg4 22. Rh1 g3 23. h3 Rh4 24. e5 Kxd5 25. c4+ Kxc4 26. Rc1+ Kxd4
27. Rxc8 Kxe5 28. Rc7 Rd4+ 29. Kc3 b5 30. Ra7 Rc4+ 31. Kb3 d5 32. Rxa6 Kd4 33.
a4 bxa4+ 34. Rxa4 Rxa4 35. Kxa4 Kc4 36. b3+ Kc5 37. b4+ Kb6 38. Kb3 Kb5 39. Kc3
f5 40. Kd4 Kxb4 41. Kxd5 f4 42. Ke4 g5 43. Kf5 f3 44. gxf3 g2 45. f4 g1=Q 46.
fxg5 Qg3 47. g6 Qxh3+ 48. Kf6 Qh8+ 0-1

[Event "AUTO-INT-2549"]
[Site "http://www.queenalice.com/game.php?id=1148444"]
[Date "2013.2.3"]
[Round "1"]
[White "SGF"]
[Black "maucout0"]
[Result "1-0"]
[WhiteElo "1551"]
[BlackElo "1469"]

1. e4 d5 2. Qf3 Nf6 3. exd5 Nxd5 4. Bc4 Be6 5. a3 c6 6. b4 Nd7 7. Bxd5 cxd5 8.
Nc3 Ne5 9. Qf4 Qc7 10. Qg3 f6 11. d4 Qc4 12. Nge2 Nc6 13. Qc7 Nxd4 14. Qxc4 dxc4
15. Nxd4 Bd5 16. Nxd5 O-O-O 17. Bf4 e5 18. Ne6 Rxd5 19. Nxf8 Rxf8 20. Be3 e4 21.
Bxa7 c3 22. O-O f5 23. Rab1 Rd2 24. Rbc1 e3 25. fxe3 g5 26. Bd4 f4 27. Bxc3 Re2
28. exf4 gxf4 29. Bg7 Rf7 30. Bh6 f3 31. Rxf3 Rxf3 32. gxf3 Re6 33. Bf4 h5 34.
c4 Rg6+ 35. Kf2 h4 36. c5 h3 37. Bg3 Kd7 38. a4 Ke6 39. c6 Rg7 40. c7 Rxc7 41.
Bxc7 Kf5 42. a5 b6 43. axb6 Kg5 44. b7 Kh4 45. b8=Q Kg5 46. Rg1+ Kf6 47. Be5+
Ke6 48. Qd6+ Kf5 49. Qf6# 1-0

[Event "AUTO-INT-2549"]
[Site "http://www.queenalice.com/game.php?id=1148445"]
[Date "2013.2.3"]
[Round "1"]
[White "maucout0"]
[Black "lcchaves13"]
[Result "0-1"]
[WhiteElo "1448"]
[BlackElo "1636"]

1. e4 b6 2. d4 Bb7 3. d5 g6 4. Nc3 Bg7 5. Nf3 f5 6. Bf4 fxe4 7. Nxe4 Bxb2 8.
Neg5 Bxa1 9. Qxa1 Nf6 10. Nf7 Kxf7 11. Ng5+ Ke8 12. Bc4 e6 13. Qe5 a6 14. dxe6
d6 15. Nf7 Qe7 16. Qe3 Ng4 17. Qd4 Rf8 18. O-O Nc6 19. Qg7 Nd8 20. Bg5 Nxe6 21.
Bxe7 Nxg7 22. Bxf8 Kxf8 23. f3 Ne3 24. Re1 Nxc2 25. Rc1 Ne3 26. Bb3 Rc8 27. Re1
Re8 28. Ng5 Re5 29. Nxh7+ Ke7 30. f4 Rf5 31. Rxe3+ Kd7 32. g3 b5 33. Ng5 a5 34.
Ne6 a4 35. Bc2 Rf7 36. Bxg6 Rf6 37. f5 Nxf5 38. Bxf5 Rxf5 39. Nd4 Rd5 40. Nc2
Rd1+ 41. Re1 Rd2 42. Rc1 c5 43. h4 Rg2+ 44. Kf1 Rxg3 45. Kf2 Rh3 46. Ne3 Rh2+
47. Kg3 Rxa2 0-1

[Event "AUTO-INT-2549"]
[Site "http://www.queenalice.com/game.php?id=1148446"]
[Date "2013.2.3"]
[Round "1"]
[White "lcchaves13"]
[Black "maucout0"]
[Result "0-1"]
[WhiteElo "1667"]
[BlackElo "1459"]

1. b3 e5 2. g3 e4 3. Bg2 d5 4. Bb2 Nf6 5. d3 e3 6. fxe3 Bc5 7. d4 Bb6 8. Nf3 c5
9. Ne5 Ba5+ 10. c3 Nc6 11. Ba3 Nxe5 12. dxe5 Ng4 13. Bxd5 Nxe3 14. Qd2 Nc2+ 15.
Qxc2 Qxd5 16. O-O Bh3 17. Rf3 O-O 18. c4 Qxe5 19. Bb2 Qe3+ 20. Rxe3 Rad8 21. Re5
f5 22. Rxc5 Bb6 23. b4 f4 24. Qc3 Rd1+ 0-1

[Event "OS INCLIVEIS"]
[Site "http://www.queenalice.com/game.php?id=1151852"]
[Date "2013.2.14"]
[Round "-"]
[White "adelio"]
[Black "maucout0"]
[Result "1-0"]
[WhiteElo "1806"]
[BlackElo "1472"]

1. d4 d5 2. e4 dxe4 3. Nc3 Nf6 4. f3 Bf5 5. g4 exf3 6. gxf5 f2+ 7. Kxf2 Qd7 8.
Bh3 Nc6 9. Be3 O-O-O 10. Nge2 e5 11. fxe6 fxe6 12. Nf4 Re8 13. d5 g5 14. Nxe6
Ne5 15. Bxa7 g4 16. Bg2 h5 17. Qe2 Bd6 18. Nb5 Reg8 19. Nxd6+ Qxd6 20. Rad1 Nfd7
21. Bd4 Nc4 22. Bxh8 g3+ 23. Kg1 Rxh8 24. Qxc4 Nb6 25. Qxc7+ Qxc7 26. Nxc7 Kxc7
27. hxg3 Na4 28. d6+ Kd7 29. Bxb7 1-0

[Event "AUTO-INT-2463"]
[Site "http://www.queenalice.com/game.php?id=1187662"]
[Date "2013.6.4"]
[Round "2"]
[White "maucout0"]
[Black "thigo"]
[Result "1-0"]
[WhiteElo "1459"]
[BlackElo "1547"]

1. e4 e5 2. Nc3 Nf6 3. Nf3 Bc5 4. Nxe5 d6 5. Nd3 O-O 6. e5 Qe7 7. Be2 dxe5 8. b4
Bd4 9. Ba3 e4 10. Nc5 Rd8 11. Bb2 Bg4 12. Nxb7 Rd7 13. Bxg4 Nxg4 14. Qxg4 Qf6
15. O-O-O Nc6 16. Qxd7 Nxb4 17. Nxe4 Bxb2+ 18. Kb1 Ba3 19. Nxf6+ gxf6 20. Qa4
Rb8 21. Qxa7 Nc6 22. Qxa3 Rxb7+ 23. Qb2 Rxb2+ 24. Kxb2 Na5 25. Rhe1 f5 26. Re8+
Kg7 27. Rg1 Nc4+ 28. Kc3 Nd6 29. Re5 Kg6 30. g4 Kf6 31. f4 Ne4+ 32. Rxe4 fxe4
33. a4 h6 34. a5 Ke6 35. a6 f5 36. a7 fxg4 37. a8=Q e3 38. Qe4+ Kf6 39. Qxe3 c5
40. Qxc5 g3 41. Rxg3 h5 42. Qxh5 Ke6 43. Qe5+ Kf7 44. Rg7+ Kf8 45. Qe7# 1-0

[Event "AUTO-INT-2463"]
[Site "http://www.queenalice.com/game.php?id=1187663"]
[Date "2013.6.4"]
[Round "2"]
[White "thigo"]
[Black "maucout0"]
[Result "0-1"]
[WhiteElo "1516"]
[BlackElo "1440"]

1. e4 e5 2. Nh3 c5 3. Bc4 d6 4. d3 Bxh3 5. Qf3 Be6 6. Nc3 Nf6 7. Bg5 Nc6 8. Nd5
Nd4 9. Nxf6+ gxf6 10. Qxf6 Nxc2+ 11. Ke2 Qxf6 12. Bxf6 Rg8 13. Bxe6 Nxa1 14.
Rxa1 fxe6 15. Ke3 Kf7 16. Bh4 Rxg2 17. h3 Bh6+ 18. Kf3 Rag8 19. Rb1 Rh2 20. a3
Rxh3+ 21. Ke2 Rxh4 22. a4 Rhg4 23. b4 Rg1 24. Rb2 Bg5 25. bxc5 dxc5 26. Rxb7+
Kg6 27. Rxa7 h5 28. a5 h4 29. a6 h3 30. Rb7 h2 31. a7 h1=Q 32. Rb8 Re1# 0-1

[Event "AUTO-INT-2463"]
[Site "http://www.queenalice.com/game.php?id=1187664"]
[Date "2013.6.4"]
[Round "2"]
[White "maucout0"]
[Black "josedesouza"]
[Result "0-1"]
[WhiteElo "1476"]
[BlackElo "1629"]

1. e4 e5 2. Nf3 Nc6 3. d3 Bc5 4. Nc3 Nf6 5. Be3 d6 6. Bxc5 dxc5 7. Qe2 Bg4 8.
Qe3 b6 9. Nd2 Nd4 10. Rc1 O-O 11. Qg5 h6 12. Qxe5 Re8 13. Qf4 Ne6 14. Qe3 Nd4
15. e5 Nd7 16. f3 Rxe5 17. Nde4 Bh5 18. g4 Bg6 19. f4 Re8 20. f5 Bh7 21. Qf4 Nf6
22. Kd2 Nxe4+ 23. dxe4 Ne6+ 24. Nd5 Nxf4 25. Bb5 Rxe4 26. c3 Qxd5+ 27. Kc2 f6
28. c4 Qd3# 0-1

[Event "AUTO-INT-2463"]
[Site "http://www.queenalice.com/game.php?id=1187665"]
[Date "2013.6.4"]
[Round "2"]
[White "josedesouza"]
[Black "maucout0"]
[Result "1-0"]
[WhiteElo "1592"]
[BlackElo "1460"]

1. d4 d5 2. Nf3 f5 3. Bf4 Nc6 4. e3 Nf6 5. c4 Be6 6. c5 Ne4 7. Qc2 Nb4 8. Bb5+
c6 9. Qa4 a5 10. Be2 g5 11. Be5 b5 12. Qd1 Rg8 13. a4 g4 14. Nh4 Bg7 15. axb5
Bxe5 16. dxe5 Qc7 17. g3 Qxe5 18. O-O Qxb2 19. Na3 Nd2 20. Qc1 Qxc1 21. Rfxc1
Nb3 22. bxc6 Nxa1 23. Rxa1 Nxc6 24. Nb5 Rc8 25. Nd4 Nxd4 26. exd4 Ra8 27. Ng2 h5
28. Nf4 Bc8 29. Nxd5 Ba6 30. Nc7+ 1-0

[Event "AUTO-INT-2463"]
[Site "http://www.queenalice.com/game.php?id=1187666"]
[Date "2013.6.4"]
[Round "2"]
[White "maucout0"]
[Black "agilulfo"]
[Result "0-1"]
[WhiteElo "1462"]
[BlackElo "1887"]

1. e4 c5 2. c4 d6 3. Nf3 Nf6 4. Bd3 g6 5. Nc3 Bg4 6. Be2 Bg7 7. Qa4+ Nc6 8. h3
Bxf3 9. Bxf3 O-O 10. O-O Nd4 11. Bd1 e6 12. Re1 d5 13. e5 Nd7 14. cxd5 exd5 15.
Nxd5 Nxe5 16. Bb3 Nxb3 17. Qxb3 b6 18. d3 Qd6 19. Bf4 Rfd8 20. Rad1 Qxd5 21. Bg5
Qxb3 22. axb3 Rxd3 23. Rxd3 Nxd3 24. Re2 Nxb2 25. f4 c4 26. g4 cxb3 27. f5 gxf5
28. gxf5 Nc4 29. f6 Bf8 30. Rg2 b2 31. Bh6+ Kh8 32. Rg7 Bxg7 33. Bxg7+ Kg8 34.
Kg2 b1=Q 35. Kg3 Qe1+ 36. Kf4 Qe3+ 37. Kg4 Re8 38. h4 Re4+ 39. Kh5 Qf3+ 40. Kg5
Qf4+ 0-1

[Event "AUTO-INT-2463"]
[Site "http://www.queenalice.com/game.php?id=1187667"]
[Date "2013.6.4"]
[Round "2"]
[White "agilulfo"]
[Black "maucout0"]
[Result "1-0"]
[WhiteElo "1813"]
[BlackElo "1479"]

1. d4 d5 2. c4 c6 3. Nc3 Nf6 4. Nf3 dxc4 5. e4 b5 6. a4 b4 7. Na2 Be6 8. Nxb4
Qa5 9. Bd2 Nxe4 10. Nxc6 Qb6 11. Nxb8 Rxb8 12. Rb1 g5 13. Nxg5 Nxf2 14. Kxf2
Qxd4+ 15. Be3 Qxd1 16. Rxd1 Rxb2+ 17. Kg3 Rb3 18. Kf2 Bg4 19. Rd4 f5 20. Bxc4
Rb2+ 21. Rd2 Rb4 22. Bf7# 1-0

[Event "OS INCLIVEIS"]
[Site "http://www.queenalice.com/game.php?id=1195784"]
[Date "2013.6.30"]
[Round "-"]
[White "adelio"]
[Black "maucout0"]
[Result "1-0"]
[WhiteElo "1765"]
[BlackElo "1466"]

1. d4 d5 2. e4 dxe4 3. Nc3 Nf6 4. f3 Be6 5. fxe4 Bg4 6. Nf3 Nc6 7. h3 Bxf3 8.
gxf3 Qd6 9. Be3 e5 10. d5 Ne7 11. Qe2 O-O-O 12. Nb5 Qb4+ 13. c3 Qa5 14. Nxa7+
Kb8 15. Nb5 Nh5 16. Ba7+ Kc8 17. Nxc7 Ng3 18. Qb5 Qxc7 19. Rh2 Qd7 20. c4 Qxb5
21. cxb5 Kd7 22. Rc1 Ng6 23. Bc5 Rc8 24. b4 Be7 25. h4 Bxh4 26. Rxh4 Nxh4 27.
Bh3+ f5 28. exf5 Ke8 29. f6 Rc7 30. d6 Rf7 31. d7+ Rxd7 32. Bxd7+ Kxd7 33. Rd1+
Ke6 34. Rd6+ Kf5 35. Kf2 Nh5 36. f7 Ng6 37. Rd7 Ra8 38. Rd2 e4 39. Rd5+ Ne5 40.
f8=Q+ 1-0